=LDR 00000nam 2200000 4500 =001 000200 =020 $9786236213131 =082 $741.500 =100 $Wahyu Azmi =245 $Ensikidz serangga =250 $Cetakan I =264 $Surakarta: Visi Mandiri 2021 =300 $24 halaman; 19,5 cm. =650 $Gambar =905 $741.5 WAH e =336 $$a =337 $$a =338 $$a =005 20260702151432.0 =008 260702s2026\\\\\\\\\\\\\\\\\\\\\\\\\\\\\\\\\\\\\\\\\